000 00245nam a2200085Ia 4500
245 0 _aNasi-ke isikhethu 5 [Ndebele] : incwadi yomfundi
100 _a SIKOSANA, M. Cape Town, 2004
942 _cBK
008 210817s9999 xx 000 0 und d
999 _c260591
_d260590